[Event "GER-chA Seniors 28th"]
[Site "Niederhausen"]
[Date "2016.08.14"]
[Round "2"]
[White "Tuertmann, Dieter"]
[Black "Koehler, Gerhard"]
[Result "0-1"]
[WhiteElo "2008"]
[BlackElo "2219"]
[PlyCount "62"]
[EventDate "2016.08.13"]
[EventType "swiss"]
[EventRounds "9"]
[EventCountry "GER"]
[SourceTitle "EXT 2019"]
[Source "ChessBase"]
[SourceDate "2018.10.10"]
[SourceVersion "1"]
[SourceVersionDate "2018.10.10"]
[SourceQuality "1"]

1. d4 Nf6 2. f3 d5 3. Be3 c6 4. c3 Bf5 5. g4 Bg6 6. h4 h5 7. g5 Nfd7 8. Nh3 e5 9. dxe5 Nxe5 10. b3 Bd6 11. Bg2 Qe7 12. Qd2 0-0 13. Nf4 Nbd7 14. 0-0 a5 15. a4 Nc5 16. Bxc5 Bxc5+ 17. Kh1 Rae8 18. Ra2 Bf5 19. e4 dxe4 20. fxe4 Bg4 21. Qe1 Ba7 22. Qg3 Bb8 23. Qe3 Qc7 24. Bh3 g6 25. c4 Bxh3 26. Qxh3 Ng4 27. Re2 Qd7 28. Na3 Bxf4 29. Qf3 Be5 30. Nc2 Rd8 31. Ne1 Qd1 0-1

[Event "Hessen-ch Seniors op 12th"]
[Site "Bad Sooden-Allendorf"]
[Date "2016.04.30"]
[Round "1"]
[White "Tuertmann, Dieter"]
[Black "Wraga, Hermann"]
[Result "1-0"]
[WhiteElo "1989"]
[BlackElo "1657"]
[PlyCount "69"]
[EventDate "2016.04.30"]
[EventType "swiss"]
[EventRounds "9"]
[EventCountry "GER"]
[SourceTitle "EXT 2019"]
[Source "ChessBase"]
[SourceDate "2018.10.10"]
[SourceVersion "1"]
[SourceVersionDate "2018.10.10"]
[SourceQuality "1"]

1. d4 f5 2. g4 e6 3. g5 c6 4. c3 d5 5. f4 Na6 6. Nf3 Bd6 7. e3 Nc7 8. b3 Qe7 9. a4 c5 10. h4 Bd7 11. Be2 0-0-0 12. Kf2 Qf8 13. Ba3 Be8 14. Bxc5 Bxc5 15. dxc5 Ne7 16. b4 Nc6 17. Nbd2 Nb8 18. Nb3 g6 19. Ne5 Nd7 20. Qd4 Qg7 21. c6 Nxe5 22. cxb7+ Kxb7 23. Nc5+ Kb8 24. fxe5 Qe7 25. Kg3 Rf8 26. Kf4 Bc6 27. b5 Bb7 28. a5 Rc8 29. Nxb7 Kxb7 30. a6+ Ka8 31. Rhb1 Rb8 32. c4 dxc4 33. Bf3+ Nd5+ 34. Bxd5+ exd5 35. Qxd5+ 1-0